| 000 | 01377nam a2200205 a 4500 | ||
|---|---|---|---|
| 008 | 090519s1978 ||||||||||||||||| || u | ||
| 050 | _aGOV.ZAM(058)ID/1978 | ||
| 110 | _aGovernment of the Republic of Zambia. Ministry of Home Affairs | ||
| 245 | 1 | 0 | _aMinistry of home affairs immigration department annual report (1976, 1977, 1978, 1979, 1980) |
| 260 |
_aLusaka: _bGovernment Printer _c1978 |
||
| 300 | _a6p. | ||
| 350 | _a0.00 | ||
| 500 | _aLIBRARY HOLDINGS: 1976, 1977, 1978, 1979, 1980 | ||
| 650 | _aMINISTRY OF HOME AFFAIRS--ANNUAL REPORT | ||
| 995 |
_aSPECIAL COLLECTIONS _D0.00 _e03003991 _FCBU-MAIN LIBRARY (Kitwe) _H1 _I0.00 _jGOV.ZAM(058)ID/1981 _M4 _UAVAILABLE _WMay 19, 2009 _y03003991 _ZZambiana Collection |
||
| 995 |
_aSPECIAL COLLECTIONS _D0.00 _e03003985 _FCBU-MAIN LIBRARY (Kitwe) _H1 _I0.00 _jGOV.ZAM(058)ID/1978 _M1 _UAVAILABLE _WMay 19, 2009 _y03003985 _ZZambiana Collection |
||
| 995 |
_aSPECIAL COLLECTIONS _D0.00 _e03003988 _FCBU-MAIN LIBRARY (Kitwe) _H1 _I0.00 _jGOV.ZAM(058)ID/1980 _M3 _UAVAILABLE _WMay 19, 2009 _y03003988 _ZZambiana Collection |
||
| 995 |
_aSPECIAL COLLECTIONS _D0.00 _e03003987 _FCBU-MAIN LIBRARY (Kitwe) _H1 _I0.00 _jGOV.ZAM(058)ID/1979 _M2 _UAVAILABLE _WMay 19, 2009 _y03003987 _ZZambiana Collection |
||
| 995 |
_aSPECIAL COLLECTIONS _D0.00 _e03003992 _FCBU-MAIN LIBRARY (Kitwe) _H1 _I0.00 _jGOV.ZAM(058)ID/1981 _M5 _UAVAILABLE _WMay 19, 2009 _y03003992 _ZZambiana Collection |
||
| 999 |
_c77691 _d77691 |
||